| 000 | 00595nam a2200205Ia 4500 | ||
|---|---|---|---|
| 003 | ARRUPE | ||
| 005 | 20160314114108.0 | ||
| 008 | 130303s9999 xx 000 0 und d | ||
| 040 | _cARRUPELIB | ||
| 050 | _aPQ2635.O117J3 | ||
| 100 |
_aRobbe-Grillet, Alain _922228 |
||
| 245 |
_aTwo novels by Robbe-Grillet: Jealousy & In the Labyrinth _c/ transalated by Richard Howard |
||
| 260 | _aNew York | ||
| 260 |
_bGrove Press _c1965 |
||
| 300 | _a279p. | ||
| 300 | _b 23 cm | ||
| 650 |
_bLaw-psychological aspects _922774 |
||
| 700 |
_aHoward, Richard (tr.) _922775 |
||
| 942 |
_2lcc _cMONOGRAPH |
||
| 999 |
_c67559 _d67559 |
||